| 000 | 01399nam a2200289 i 4500 | ||
|---|---|---|---|
| 001 | bg | ||
| 111 | 2 |
_aForum Architektury Krajobrazu _n(3 ; _d2000 ; _cWarszawa). |
|
| 245 | 0 | 4 |
_aIII Forum Architektury Krajobrazu, Warszawa 4-5 grudzień 2000 = _bIII Forum of Landscape Architecture, Warsaw 4th-5th December 2000 : nowe idee i rozwój dziedziny, architektury krajobrazu w Polsce : materiały konferencyjne / _cpod red. Przemysława Wolskiego ; Zakład Studiów Krajobrazowych. Katedra Architektury Krajobrazu. Wydział Ogrodnictwa i Architektury Krajobrazu. Szkoła Główna Gospodarstwa Wiejskiego. |
| 246 | 1 | 1 | _aForum of Landscape Architecture, 3 |
| 260 |
_aWarszawa : _bOśrodek Ochrony Zabytkowego Krajobrazu. Narodowa Instytucja Kultury, _c2000. |
||
| 300 |
_a[60], 347 s. : _bil., mapy ; _c30 cm. |
||
| 490 | 1 |
_aStudia i Materiały. Krajobrazy ; _v29(41) |
|
| 500 | _aTekst częśc. ang. | ||
| 504 | _aBibliogr. przy pracach. | ||
| 650 | 9 | _aArchitektura krajobrazu | |
| 655 | _aMateriały konferencyjne | ||
| 700 | 1 |
_aWOLSKI, Przemysław. _eRed. |
|
| 710 | 0 |
_aSzkoła Główna Gospodarstwa Wiejskiego _bWydział Ogrodnictwa i Architektury Krajobrazu |
|
| 830 | _aStudia i Materiały. Krajobrazy ; | ||
| 020 | _a8385548866 | ||
| 040 | _cBPK | ||
| 041 | 1 |
_apoleng _heng |
|
| 080 | _a712(061) | ||
| 920 | _a83-85548-86-6 | ||
| 942 | _cKS | ||
| 008 | s pl f |000 0 pol | ||
| 999 |
_c42799 _d42799 |
||
| 856 |
_uhttp://koha.tu.koszalin.pl/cgi-bin/koha/opac-detail.pl?biblionumber=42799 _yKatalog online BPK |
||